[Event "HUN-chT2 Erkel 1314"]
[Site "Hungary"]
[Date "2014.04.13"]
[Round "10.12"]
[White "Lengyel, Istvan"]
[Black "Grimm, Balazs"]
[Result "1-0"]
[WhiteElo "2002"]
[BlackElo "1364"]
[PlyCount "71"]
[EventDate "2013.09.08"]
[EventType "team-tourn"]
[EventRounds "11"]
[EventCountry "HUN"]
[SourceTitle "EXT 2016"]
[Source "ChessBase"]
[SourceDate "2015.10.08"]
[SourceVersion "1"]
[SourceVersionDate "2015.10.08"]
[SourceQuality "1"]
[WhiteTeam "Paszto"]
[BlackTeam "Budapest EAC II"]
[WhiteTeamCountry "HUN"]
[BlackTeamCountry "HUN"]

1. e4 e5 2. Nf3 Nc6 3. Bb5 Bc5 4. c3 a6 5. Ba4 Nf6 6. d3 d6 7. h3 h6 8. 0-0 0-0 9. b4 Ba7 10. Bb3 Be6 11. Nbd2 Nh5 12. Nc4 b5 13. Ne3 Nf4 14. Kh2 Qd7 15. Ng1 Ne7 16. g3 Nfg6 17. f4 exf4 18. gxf4 d5 19. f5 Qd6+ 20. Kh1 Bxe3 21. Bxe3 dxe4 22. fxe6 fxe6 23. dxe4 Qe5 24. Qg4 Qxc3 25. Bxe6+ Kh8 26. Bc5 Rxf1 27. Rxf1 Ne5 28. Qg2 N7g6 29. Ne2 Qd3 30. Nf4 Nxf4 31. Rxf4 Qd1+ 32. Rf1 Qh5 33. Rf5 Qd1+ 34. Kh2 Nd3 35. Bb3 Qe1 36. Bd4 1-0

[Event "HUN-chT2 Maroczy 0607"]
[Site "Hungary"]
[Date "2007.03.04"]
[Round "6"]
[White "Lengyel, Istvan"]
[Black "Hando, Vilmos"]
[Result "1/2-1/2"]
[WhiteElo "2040"]
[BlackElo "2047"]
[PlyCount "43"]
[EventDate "2006.11.12"]
[EventType "team"]
[EventRounds "11"]
[EventCountry "HUN"]
[SourceTitle "EXT 2008"]
[Source "ChessBase"]
[SourceDate "2007.11.25"]
[SourceVersion "1"]
[SourceVersionDate "2007.11.25"]
[SourceQuality "1"]
[WhiteTeam "DEAC"]
[BlackTeam "Kazincbarcika"]
[WhiteTeamCountry "HUN"]
[BlackTeamCountry "HUN"]

1. d4 Nf6 2. c4 g6 3. Nc3 Bg7 4. e4 d6 5. f3 0-0 6. Be3 c6 7. Qd2 a6 8. Bd3 b5 9. a3 bxc4 10. Bxc4 d5 11. exd5 Nxd5 12. Nxd5 cxd5 13. Bd3 Nc6 14. Ne2 e5 15. dxe5 Nxe5 16. Nd4 Qh4+ 17. Bf2 Nxd3+ 18. Qxd3 Re8+ 19. Kf1 Qd8 20. g4 Bd7 21. Kg2 Rb8 22. Qd2 1/2-1/2

[Event "Eger Agria op"]
[Site "Eger"]
[Date "2005.07.25"]
[Round "2"]
[White "Lengyel, Istvan"]
[Black "Veres, Robert"]
[Result "1/2-1/2"]
[WhiteElo "2039"]
[BlackElo "2219"]
[PlyCount "49"]
[EventDate "2005.07.18"]
[EventType "swiss"]
[EventRounds "9"]
[EventCountry "HUN"]
[SourceTitle "EXT 2008"]
[Source "ChessBase"]
[SourceDate "2007.11.25"]
[SourceVersion "1"]
[SourceVersionDate "2007.11.25"]
[SourceQuality "1"]

1. e4 c5 2. Nf3 d6 3. d4 cxd4 4. Nxd4 Nf6 5. Nc3 a6 6. Be2 e5 7. Nb3 Be6 8. Be3 Be7 9. 0-0 0-0 10. Kh1 Nbd7 11. g4 Qc7 12. g5 Ne8 13. Rg1 Nb6 14. Nd5 Bxd5 15. exd5 Nc4 16. Bxc4 Qxc4 17. Rg4 Qc8 18. Qe2 g6 19. Rag1 Ng7 20. c4 Nf5 21. Nd2 Nxe3 22. fxe3 f5 23. gxf6 Bxf6 24. Ne4 Qd7 25. Qg2 1/2-1/2

[Event "HUN-chT2 Barcza 0405"]
[Site "Hungary"]
[Date "2005.02.06"]
[Round "7"]
[White "Lengyel, Istvan"]
[Black "Antos, Zoltan"]
[Result "0-1"]
[WhiteElo "2037"]
[BlackElo "1902"]
[PlyCount "84"]
[EventDate "2004.09.26"]
[EventType "team"]
[EventRounds "11"]
[EventCountry "HUN"]
[SourceTitle "EXT 2009"]
[Source "ChessBase"]
[SourceDate "2008.11.26"]
[SourceVersion "1"]
[SourceVersionDate "2008.11.26"]
[SourceQuality "1"]
[WhiteTeam "Hajduszoboszlo"]
[BlackTeam "Derecske"]
[WhiteTeamCountry "HUN"]
[BlackTeamCountry "HUN"]

1. d4 Nf6 2. Nf3 d5 3. g3 e6 4. Bg2 c5 5. c3 Nc6 6. Bf4 Bd6 7. Bxd6 Qxd6 8. 0-0 0-0 9. Nbd2 e5 10. dxc5 Qxc5 11. Re1 Rd8 12. e3 e4 13. Nd4 Ne5 14. N2b3 Qe7 15. h3 a5 16. a4 Bd7 17. Qe2 Nd3 18. Reb1 Qe8 19. Nd2 Rdc8 20. Qd1 Rc7 21. Qc2 Qc8 22. Kh2 Nxf2 23. Nb5 Rc6 24. Nd4 Rd6 25. Nb5 Rb6 26. Nc4 N2g4+ 27. hxg4 Nxg4+ 28. Kg1 Qxc4 29. b3 Qc5 30. Re1 Bxb5 31. axb5 Qxb5 32. Rab1 Qc6 33. Qd1 Ne5 34. Qd4 Nd3 35. Rf1 Qc5 36. Rf5 Qxd4 37. cxd4 Rd8 38. Bf1 g6 39. Rg5 Nb4 40. Re5 Nc6 41. Rg5 h6 42. Rg4 g5 0-1

[Event "HUN-chT2 Barcza 0304"]
[Site "Hungary"]
[Date "2004.03.21"]
[Round "9"]
[White "Lengyel, Istvan"]
[Black "Galgovics, Andras"]
[Result "1/2-1/2"]
[WhiteElo "2127"]
[BlackElo "2064"]
[PlyCount "77"]
[EventDate "2003.08.29"]
[EventType "team"]
[EventRounds "11"]
[EventCountry "HUN"]
[SourceTitle "EXT 2009"]
[Source "ChessBase"]
[SourceDate "2008.11.26"]
[SourceVersion "1"]
[SourceVersionDate "2008.11.26"]
[SourceQuality "1"]
[WhiteTeam "Hajduszoboszlo"]
[BlackTeam "Kazincbarcika"]
[WhiteTeamCountry "HUN"]
[BlackTeamCountry "HUN"]

1. d4 Nf6 2. c4 g6 3. Nc3 Bg7 4. e4 d6 5. f3 Nbd7 6. Be3 0-0 7. Qd2 c5 8. d5 a6 9. Bd3 e5 10. Nge2 h5 11. h3 Nh7 12. 0-0-0 f5 13. exf5 gxf5 14. Bxf5 Rxf5 15. Ng3 Rf7 16. Nxh5 Ndf6 17. Nxg7 Rxg7 18. g4 b5 19. b3 bxc4 20. bxc4 Qa5 21. Qc2 Rb8 22. Kd2 Ng5 23. Bxg5 Rxg5 24. h4 Rg7 25. h5 Rb4 26. h6 Rg5 27. h7+ Kh8 28. Rh6 Nxg4 29. fxg4 Rxc4 30. Rf1 Rf4 31. Rxf4 exf4 32. Rg6 Qd8 33. Qe4 Bxg4 34. Ne2 Bf5 35. Rg8+ Kxh7 36. Rxd8 Bxe4 37. Nxf4 Bxd5 38. Rxd6 Bxa2 39. Rxa6 1/2-1/2

[Event "HUN-chT2 Barcza 0304"]
[Site "Hungary"]
[Date "2003.10.05"]
[Round "2"]
[White "Kalmar, Agoston"]
[Black "Lengyel, Istvan"]
[Result "1-0"]
[WhiteElo "2032"]
[BlackElo "2127"]
[PlyCount "61"]
[EventDate "2003.08.29"]
[EventType "team"]
[EventRounds "11"]
[EventCountry "HUN"]
[SourceTitle "EXT 2009"]
[Source "ChessBase"]
[SourceDate "2008.11.26"]
[SourceVersion "1"]
[SourceVersionDate "2008.11.26"]
[SourceQuality "1"]
[WhiteTeam "Piremon II"]
[BlackTeam "Hajduszoboszlo"]
[WhiteTeamCountry "HUN"]
[BlackTeamCountry "HUN"]

1. e4 c6 2. d4 d5 3. e5 Bf5 4. Nc3 e6 5. g4 Bg6 6. Nge2 h6 7. Nf4 Bh7 8. h4 Be7 9. h5 Nd7 10. Bd3 Bxd3 11. Qxd3 c5 12. Be3 a6 13. 0-0-0 c4 14. Qd2 b5 15. Nce2 b4 16. c3 Qa5 17. Kb1 bxc3 18. Nxc3 Bb4 19. Nfe2 Rb8 20. Ka1 Nb6 21. Qc2 Ne7 22. f4 Na8 23. f5 Nc7 24. f6 gxf6 25. exf6 Ng8 26. g5 hxg5 27. Bxg5 Nh6 28. Bxh6 Rxh6 29. Rdg1 Kd7 30. Rg7 Rxf6 31. h6 1-0

[Event "Salgotarjan Balazs Memorial op"]
[Site "Salgotarjan"]
[Date "2003.08.01"]
[Round "5"]
[White "Meshcheriakova, Evgenia"]
[Black "Lengyel, Istvan"]
[Result "1-0"]
[WhiteElo "2257"]
[BlackElo "2091"]
[PlyCount "41"]
[EventDate "2003.07.28"]
[EventType "swiss"]
[EventRounds "9"]
[EventCountry "HUN"]
[SourceTitle "EXT 2008"]
[Source "ChessBase"]
[SourceDate "2007.11.25"]
[SourceVersion "1"]
[SourceVersionDate "2007.11.25"]
[SourceQuality "1"]

1. e4 c5 2. Nf3 d6 3. d4 cxd4 4. Nxd4 Nf6 5. Nc3 g6 6. Bc4 Bg7 7. 0-0 0-0 8. Re1 a6 9. Bg5 Qc7 10. Bb3 e6 11. Qd2 Nc6 12. Rad1 Ne7 13. Bh6 b6 14. Bxg7 Kxg7 15. Nf3 Ne8 16. h4 Qc5 17. Na4 Qc7 18. Qd4+ e5 19. Qxb6 Qxb6 20. Nxb6 Rb8 21. Nc4 1-0